000 00827nam a2200253 i 4500
008
020 _a0250402920(hbk.)
049 _aMAIN
090 _aTD223
245 0 0 _aWater quality administration :
_ba focus on section 208 /
_cBerton L. Lamb, editor.
260 _aAnn Arbor. :
_bAnn Arbor Science,
_cc1980.
300 _axi, 280 p. ;
_c24 cm.
440 _aMan, the community and natural resources.
504 _aIncludes bibliographical references.
500 _aIncludes index.
650 0 _aWater quality management
_zUnited States.
650 0 _aWater
_xPollution
_xLaw and legislation
_zUnited States.
700 1 _aLamb, Berton L.
907 _a.b10002595
_b26-09-05
_c17-04-03
003
005 20230123133603.0
040 _cNUST
942 _cBOOKS
_kTD223
999 _c151179
_d151179